000 01689nam a2200433Ia 4500
001 ebr10135594
003 CaPaEBR
006 m u
007 cr cn|||||||||
008 040609s2005 nyu sb 000 0 eng d
010 _z 2004053373
015 _aGBA484413
_2bnb
020 _z1403981620
020 _z1403965633 (cl : alk. paper)
020 _z1403967083 (pbk. : alk. paper)
040 _aCaPaEBR
_cCaPaEBR
035 _a(OCoLC)560466094
050 1 4 _aGN254
_b.M37 2005eb
082 0 4 _a306.3/62/097
_222
245 0 4 _aThe masters and the slaves
_h[electronic resource] :
_bplantation relations and mestizaje in American imaginaries /
_cedited by Alexandra Isfahani-Hammond.
250 _a1st ed.
260 _aNew York, N.Y. :
_bPalgrave Macmillan,
_cc2005.
300 _ax, 161 p.
490 1 _aNew directions in Latino American cultures
504 _aIncludes bibliographical references.
533 _aElectronic reproduction.
_bPalo Alto, Calif. :
_cebrary,
_d2009.
_nAvailable via World Wide Web.
_nAccess may be limited to ebrary affiliated libraries.
650 0 _aMiscegenation
_zAmerica.
650 0 _aCultural fusion
_zCaribbean Area.
650 0 _aPostcolonialism
_zCaribbean Area.
650 0 _aMestizaje.
650 0 _aRacially mixed people
_zAmerica.
650 0 _aSlavery
_zAmerica.
651 0 _aUnited States
_xRace relations.
655 7 _aElectronic books.
_2local
700 1 _aIsfahani-Hammond, Alexandra.
710 2 _aebrary, Inc.
830 0 _aNew directions in Latino American cultures.
856 4 0 _uhttp://site.ebrary.com/lib/rucke/Doc?id=10135594
_zAn electronic book accessible through the World Wide Web; click to view
999 _c189741
_d189741